[Event "Open B"]
[Site "Rimini ITA"]
[Date "1997.03.??"]
[Round "6"]
[White "Celestini, Mauro"]
[Black "Baratta, Franco"]
[Result "1-0"]
[WhiteElo "1600"]
[BlackElo "1573"]
[PlyCount "131"]
[EventDate "1997.03.24"]

1. d4 d6 2. c4 g6 3. Nc3 Bg7 4. Nf3 Nf6 5. e4 O-O 6. Be2 c5 7. O-O Na6 8. h3 b6
9. Be3 Bb7 10. d5 Nd7 11. Qd2 Re8 12. Bh6 Bh8 13. Ng5 Nc7 14. a3 a6 15. Rfe1
Nf8 16. h4 Bc8 17. h5 f6 18. Nf3 gxh5 19. Nh4 Bg4 20. Nf5 Ng6 21. f3 Bxf5 22.
exf5 Ne5 23. Ne4 Kf7 24. Ng3 Rg8 25. Nxh5 Bg7 26. Bxg7 Rxg7 27. Nxg7 Kxg7 28.
f4 Nf7 29. Bh5 Nh6 30. Qe2 Kf8 31. Rad1 Nxf5 32. Qe4 Ng3 33. Qxh7 Nxh5 34. Qxh5
Qe8 35. Qh8+ Kf7 36. Qh7+ Kf8 37. Qh8+ Kf7 38. Qxe8+ Rxe8 39. f5 b5 40. b3 Rg8
41. Rd3 Rg7 42. Rde3 Ke8 43. Kf2 Na8 44. Rh1 Nb6 45. Rh8+ Kd7 46. cxb5 axb5 47.
a4 bxa4 48. bxa4 Nxd5 49. Rg3 Rxg3 50. Kxg3 c4 51. Kf3 c3 52. Rh4 c2 53. Rc4
Nb6 54. Rxc2 Nxa4 55. Ra2 Nc5 56. Ra7+ Ke8 57. Ke3 Nd7 58. Ke4 Nf8 59. Kd5 Kf7
60. Kc6 Nh7 61. Kd7 Nf8+ 62. Kd8 Kg7 63. Kxe7 d5 64. Kd6+ Kh6 65. Kxd5 Kg5 66.
Rf7 1-0

[Event "Open B"]
[Site "Rimini ITA"]
[Date "1997.03.??"]
[Round "7"]
[White "Celestini, Mauro"]
[Black "Giovannini, Roberto"]
[Result "0-1"]
[WhiteElo "1600"]
[BlackElo "1507"]
[PlyCount "84"]
[EventDate "1997.03.24"]

1. d4 Nf6 2. c4 c5 3. d5 d6 4. Nc3 g6 5. e4 Bg7 6. Nf3 O-O 7. Be2 Ne8 8. Be3 f5
9. Qd2 Nf6 10. exf5 Bxf5 11. Bh6 Na6 12. Bxg7 Kxg7 13. O-O Nc7 14. Rfe1 e5 15.
dxe6 Bxe6 16. Ng5 Bg8 17. Rad1 d5 18. Nxd5 Nfxd5 19. cxd5 Bxd5 20. Qxd5 Qxd5
21. Rxd5 Nxd5 22. Ne6+ Kf6 23. Nxf8 Rxf8 24. Bf3 Rd8 25. Rd1 Ke5 26. h3 b6 27.
g4 g5 28. Bg2 c4 29. h4 h6 30. f4+ gxf4 31. g5 hxg5 32. hxg5 Rd6 33. g6 Ne7 34.
Rxd6 Kxd6 35. Be4 Ke5 36. Bc2 Kf6 37. g7 Kxg7 38. Kf2 Kf6 39. Kf3 Ke5 40. Ba4
a6 41. Bc2 Nc6 42. Be4 Nd4+ 0-1

[Event "Open B"]
[Site "Rimini ITA"]
[Date "1997.03.??"]
[Round "7"]
[White "Chiacchiararelli, Antonino"]
[Black "Celestini, Mauro"]
[Result "1/2-1/2"]
[WhiteElo "1560"]
[BlackElo "1600"]
[PlyCount "102"]
[EventDate "1997.03.24"]

1. d4 Nf6 2. Nf3 e6 3. Nbd2 d5 4. e3 Nbd7 5. Bd3 Bd6 6. Qe2 c5 7. c3 Qc7 8. e4
dxe4 9. Nxe4 O-O 10. Nxd6 Qxd6 11. O-O cxd4 12. Nxd4 Nc5 13. Bc2 e5 14. Nf5
Bxf5 15. Bxf5 Rad8 16. Bg5 e4 17. Rad1 Qe5 18. Bxf6 Qxf6 19. Bxh7+ Kxh7 20.
Qh5+ Kg8 21. Qxc5 Rxd1 22. Rxd1 Rd8 23. Rxd8+ Qxd8 24. h3 Qd1+ 25. Kh2 Qd2 26.
Qxa7 Qxb2 27. a4 Qxc3 28. Qxb7 Qe5+ 29. g3 Qd4 30. Qc8+ Kh7 31. Qf5+ Kg8 32. a5
g6 33. Qc8+ Kg7 34. Qc2 Qd3 35. Qb2+ Kh7 36. Qb6 Qa3 37. Qf6 Kg8 38. Qd8+ Kg7
39. Qd4+ Kg8 40. Qd2 Qd3 41. Qa2 e3 42. fxe3 Qxe3 43. a6 Qa7 44. h4 Kh7 45. Qe2
Kg8 46. Kh3 Qd7+ 47. g4 Qc6 48. Kg3 Qc7+ 49. Kg2 Qc6+ 50. Kg1 Qb6+ 51. Kg2 Qc6+
1/2-1/2

[Event "Open B"]
[Site "Rimini ITA"]
[Date "1997.03.??"]
[Round "8"]
[White "Simonetti, Giuseppe"]
[Black "Celestini, Mauro"]
[Result "0-1"]
[WhiteElo "1600"]
[BlackElo "1600"]
[PlyCount "130"]
[EventDate "1997.03.24"]

1. e4 e6 2. d4 d5 3. Nc3 Bb4 4. Nge2 dxe4 5. a3 Bxc3+ 6. Nxc3 Ne7 7. Nxe4 O-O
8. Bg5 f6 9. Be3 Nf5 10. Bc4 Nxe3 11. fxe3 b6 12. O-O Kh8 13. Qe2 Bb7 14. Bd3
Nd7 15. Qh5 f5 16. Ng3 Nf6 17. Qe2 Ng4 18. c3 Nxh2 19. Kxh2 Qh4+ 20. Kg1 Qxg3
21. e4 Rf6 22. exf5 Rh6 23. Be4 Qh2+ 24. Kf2 Qf4+ 25. Bf3 Qxf5 26. Kg1 Bxf3 27.
Rxf3 Qh5 28. Raf1 Qh2+ 29. Kf2 Rg6 30. Ke1 Qd6 31. Qe4 Re8 32. Rh3 e5 33. Rfh1
h6 34. Re3 Rd8 35. Rh4 exd4 36. cxd4 Rg3 37. Rf4 Rxe3+ 38. Qxe3 Qg6 39. Kf2
Qc2+ 40. Qe2 Qxe2+ 41. Kxe2 Re8+ 42. Kd2 Kg8 43. Rf2 Rf8 44. Re2 Kf7 45. Kc3
Re8 46. Rf2+ Ke6 47. Kc4 Kd6 48. b4 Re4 49. Kd3 Rg4 50. b5 Rg3+ 51. Kc4 Rxa3
52. Re2 Rg3 53. Ra2 Rg4 54. Re2 c5 55. bxc6 Kxc6 56. Re6+ Kd7 57. Re2 Kd6 58.
Ra2 Kc6 59. Re2 b5+ 60. Kd3 Rg5 61. Rc2+ Kd6 62. Ra2 Kd5 63. Re2 b4 64. Ra2
Rg3+ 65. Ke2 Rxg2+ 0-1

[Event "XII Festival Magistrale"]
[Site "Celle Ligure ITA"]
[Date "1997.03.??"]
[Round "1"]
[White "Di Paolo, Raffaele"]
[Black "Astengo, Marcello"]
[WhiteElo "2265"]
[BlackElo "2065"]
[Result "1-0"]
[PlyCount "79"]
[EventDate "1997.03.22"]

1. e4 e6 2. d4 d5 3. Nd2 Nf6 4. e5 Nfd7 5. Bd3 c5 6. c3 Nc6 7. Ne2 cxd4 8. cxd4
Qb6 9. Nf3 f6 10. exf6 Nxf6 11. O-O Bd6 12. Nc3 O-O 13. a3 a6 14. Bg5 Bd7 15.
Bh4 Be8 16. Qe2 Bf7 17. Rad1 Rae8 18. Bxf6 gxf6 19. Qd2 Kg7 20. Bb1 Qc7 21. Nh4
Bxh2+ 22. Kh1 Bf4 23. Qd3 Rh8 24. g3 Bg5 25. Nxd5 exd5 26. Nf5+ Kf8 27. f4 h6
28. fxg5 hxg5+ 29. Kg2 Bg6 30. Rh1 Rg8 31. Qf3 Qd8 32. Rh6 Kf7 33. Rdh1 Bxf5
34. Bxf5 Nxd4 35. Qh5+ Kf8 36. Rh7 Re7 37. Qh6+ Ke8 38. Rh8 Rxh8 39. Qxh8+ Kf7
40. Rh7# 1-0

[Event "XII Festival Magistrale"]
[Site "Celle Ligure ITA"]
[Date "1997.03.??"]
[Round "1"]
[White "Fuggetta, Leonardo"]
[Black "Tabernig, Bernhard"]
[WhiteElo "2070"]
[BlackElo "2275"]
[Result "0-1"]
[PlyCount "48"]
[EventDate "1997.03.22"]

1. Nf3 d5 2. d3 Bg4 3. Nbd2 Nd7 4. g3 c6 5. Bg2 e5 6. e4 Bd6 7. O-O Ne7 8. Re1
f6 9. c3 O-O 10. Qc2 Qc7 11. b3 Rae8 12. Bb2 f5 13. Rf1 f4 14. Rae1 Qb6 15. Kh1
Kh8 16. d4 exd4 17. cxd4 dxe4 18. Nxe4 Bb4 19. Bc3 Bxc3 20. Nxc3 Nf6 21. Qd2
Qa5 22. Ne4 Qh5 23. Ne5 f3 24. Nxf3 Bxf3 0-1

[Event "XII Festival Magistrale"]
[Site "Celle Ligure ITA"]
[Date "1997.03.??"]
[Round "1"]
[White "Guido, Flavio"]
[Black "Cirabisi, Federico"]
[WhiteElo "2300"]
[BlackElo "2125"]
[Result "1-0"]
[PlyCount "51"]
[EventDate "1997.03.22"]

1. e4 c5 2. Nf3 Nc6 3. d4 cxd4 4. Nxd4 g6 5. Nc3 Bg7 6. Nde2 Nf6 7. g3 b5 8.
Bg2 Bb7 9. Nxb5 Qa5+ 10. Nbc3 d5 11. exd5 O-O-O 12. O-O Ne5 13. Nf4 h5 14. Qe2
Nfg4 15. Qb5 Qc7 16. h3 g5 17. d6 Rxd6 18. Nfd5 Qd7 19. Qxd7+ Kxd7 20. Bxg5 e6
21. hxg4 hxg4 22. Nf6+ Kc8 23. Nce4 Rb6 24. b3 Ng6 25. Rad1 Kb8 26. Nd7+ 1-0

[Event "XII Festival Magistrale"]
[Site "Celle Ligure ITA"]
[Date "1997.03.??"]
[Round "1"]
[White "Lanzani, Mario"]
[Black "Zoldan, Matteo"]
[WhiteElo "2370"]
[BlackElo "2155"]
[Result "1-0"]
[PlyCount "65"]
[EventDate "1997.03.22"]

1. e4 c5 2. Nc3 d6 3. f4 Nc6 4. Nf3 g6 5. Bc4 Bg7 6. O-O e6 7. f5 exf5 8. d3
Nge7 9. Qe1 h6 10. exf5 Bxf5 11. g4 Bxg4 12. Bxf7+ Kxf7 13. Ne5+ Kg8 14. Nxg4
Nd4 15. Qe4 Nef5 16. Qxb7 Kh7 17. Ne4 Rf8 18. Bxh6 Nxh6 19. Rxf8 Qxf8 20. Ng5+
Kh8 21. Nxh6 Ne2+ 22. Kh1 Re8 23. Nhf7+ Kg8 24. Rf1 Qe7 25. Qd5 Nf4 26. Rxf4
Qe1+ 27. Kg2 Re2+ 28. Kh3 Re3+ 29. Rf3 Qf1+ 30. Kg3 Qg1+ 31. Kf4 Rxf3+ 32. Nxf3
Qc1+ 33. Kg4 1-0

[Event "XII Festival Magistrale"]
[Site "Celle Ligure ITA"]
[Date "1997.03.??"]
[Round "1"]
[White "Lenz, Alarich"]
[Black "Rosin, Federico"]
[WhiteElo "2195"]
[BlackElo "1884"]
[Result "1-0"]
[PlyCount "81"]
[EventDate "1997.03.22"]

1. c4 e6 2. g3 Nf6 3. Bg2 d5 4. b3 Be7 5. Bb2 O-O 6. Nf3 c6 7. O-O Nbd7 8. d3
Re8 9. Nbd2 a5 10. a3 b6 11. Rc1 Bb7 12. Rc2 Nc5 13. Qb1 Bd6 14. Nd4 Qd7 15.
Bh3 Qe7 16. Rfc1 h5 17. cxd5 cxd5 18. Nb5 Rec8 19. Nxd6 Qxd6 20. Nf3 Ng4 21.
Bc3 Nd7 22. Qb2 f6 23. Bg2 e5 24. h3 Nh6 25. b4 a4 26. Bd2 Nf5 27. Rxc8+ Bxc8
28. Qc2 Ne7 29. d4 Ba6 30. Qxa4 Bb7 31. Qb3 Nf5 32. dxe5 fxe5 33. e4 Ne7 34.
Bg5 Nf6 35. Nh4 Kh7 36. Bxf6 gxf6 37. Qf3 dxe4 38. Qxh5+ Kg7 39. Qg4+ Kh7 40.
Bxe4+ Bxe4 41. Qxe4+ 1-0

[Event "XII Festival Magistrale"]
[Site "Celle Ligure ITA"]
[Date "1997.03.??"]
[Round "1"]
[White "Ljubisavljevic, Zivojin Z."]
[Black "Bonugli, Carlo"]
[WhiteElo "2275"]
[BlackElo "2075"]
[Result "1/2-1/2"]
[PlyCount "72"]
[EventDate "1997.03.22"]

1. d4 Nf6 2. c4 c5 3. d5 e6 4. Nc3 exd5 5. cxd5 d6 6. e4 g6 7. f4 Bg7 8. e5
dxe5 9. fxe5 Nfd7 10. e6 Qe7 11. Be2 fxe6 12. Nf3 O-O 13. O-O Nf6 14. d6 Qd8
15. Bg5 Qb6 16. Qd2 Bd7 17. Ne5 Nc6 18. Bxf6 Nxe5 19. Bxg7 Kxg7 20. Ne4 Qb4 21.
Qxb4 cxb4 22. Nc5 b6 23. Nxd7 Nxd7 24. Bb5 Rxf1+ 25. Rxf1 Rd8 26. Rf4 Nc5 27.
d7 e5 28. Rf1 a6 29. Bc6 Ne6 30. Bd5 Nf4 31. Bb7 Rxd7 32. Bxa6 Rd2 33. Rf2 Rd1+
34. Rf1 Rd2 35. Rf2 Rd1+ 36. Rf1 Rd2 1/2-1/2

[Event "XII Festival Magistrale"]
[Site "Celle Ligure ITA"]
[Date "1997.03.??"]
[Round "1"]
[White "Mordiglia, Riccardo"]
[Black "Sbarra, Marco"]
[WhiteElo "2105"]
[BlackElo "2285"]
[Result "1/2-1/2"]
[PlyCount "70"]
[EventDate "1997.03.22"]

1. d4 Nf6 2. Nc3 d5 3. e4 dxe4 4. f3 exf3 5. Nxf3 Bg4 6. h3 Bh5 7. g4 Bg6 8.
Ne5 Nbd7 9. Qf3 e6 10. Nxg6 hxg6 11. g5 Nd5 12. Bd3 N7b6 13. O-O Qd7 14. a3
Nxc3 15. bxc3 Bd6 16. Bd2 O-O-O 17. Kg2 e5 18. a4 a5 19. Rab1 Rh4 20. Be4 Rdh8
21. Bxb7+ Kd8 22. Rh1 Nc4 23. Bd5 Nb6 24. Bc6 Qf5 25. Qxf5 gxf5 26. dxe5 Bxe5
27. Be3 Bxc3 28. Rhd1+ Kc8 29. Bxb6 cxb6 30. Rd3 Bb4 31. Bd7+ Kc7 32. Bxf5 Rd8
33. Rxd8 Kxd8 34. Rd1+ Ke8 35. Bg4 Bc5 1/2-1/2

[Event "XII Festival Magistrale"]
[Site "Celle Ligure ITA"]
[Date "1997.03.??"]
[Round "1"]
[White "Podini, Francesco"]
[Black "Vujovic, Milorad"]
[WhiteElo "2010"]
[BlackElo "2255"]
[Result "1-0"]
[PlyCount "80"]
[EventDate "1997.03.22"]

1. c4 e5 2. Nc3 Nc6 3. g3 d6 4. Bg2 Be6 5. d3 Qd7 6. Nd5 g6 7. e4 Bg7 8. Ne2 f5
9. exf5 gxf5 10. O-O Nf6 11. f4 O-O 12. Rb1 Rae8 13. Nec3 Nd4 14. Nxf6+ Rxf6
15. b4 Rg6 16. b5 c6 17. bxc6 bxc6 18. Qa4 h5 19. Be3 Rc8 20. Qa6 h4 21. Rb7
Rc7 22. Rxc7 Qxc7 23. Bxd4 exd4 24. Ne2 hxg3 25. hxg3 Bd7 26. Rb1 Qd8 27. Qxa7
Qe7 28. Kf1 Re6 29. Nxd4 Re3 30. Nxc6 Bxc6 31. Qb8+ Be8 32. Qa8 Bc3 33. Bd5+
Kf8 34. Qc8 Re1+ 35. Rxe1 Qxe1+ 36. Kg2 Qe2+ 37. Kh3 Qg4+ 38. Kg2 Be1 39. Kf1
Bxg3 40. Qe6 Qxf4+ 1-0

[Event "XII Festival Magistrale"]
[Site "Celle Ligure ITA"]
[Date "1997.03.??"]
[Round "1"]
[White "Quagliarella, Sabino Remo"]
[Black "Cordara, Michele"]
[WhiteElo "1934"]
[BlackElo "2195"]
[Result "0-1"]
[PlyCount "80"]
[EventDate "1997.03.22"]

1. d4 Nf6 2. Nf3 e6 3. Bf4 b6 4. e3 Bb7 5. Bd3 Be7 6. h3 Ne4 7. O-O f5 8. c4
O-O 9. Nfd2 d6 10. Bxe4 fxe4 11. Nc3 d5 12. Qg4 Rf6 13. Be5 Rg6 14. Qf4 c6 15.
Qh2 Nd7 16. Bg3 Bf6 17. cxd5 exd5 18. Ne2 Ba6 19. Rfe1 Bxe2 20. Rxe2 c5 21. Nb3
c4 22. Nc1 Be7 23. Rc2 b5 24. Ne2 Qa5 25. Rac1 b4 26. Bc7 Qxa2 27. Nf4 Bd6 28.
Bxd6 Rxd6 29. Nxd5 Rxd5 30. Rxc4 Rf8 31. Rc8 Qxb2 32. Rxf8+ Nxf8 33. Qc7 Rf5
34. Qc4+ Kh8 35. Rc2 Qa1+ 36. Kh2 Qa5 37. Ra2 Qb5 38. Qc7 a5 39. Qc8 Kg8 40.
Qa8 Qd5 0-1

[Event "XII Festival Magistrale"]
[Site "Celle Ligure ITA"]
[Date "1997.03.??"]
[Round "1"]
[White "Scotti, Umberto"]
[Black "Lovric, Branko"]
[WhiteElo "2130"]
[BlackElo "2370"]
[Result "1-0"]
[PlyCount "58"]
[EventDate "1997.03.22"]

1. e4 e6 2. d4 d5 3. Nc3 Bb4 4. exd5 Qxd5 5. Nf3 Nf6 6. Bd3 b6 7. O-O Bxc3 8.
bxc3 Bb7 9. Bf4 c5 10. Bb5+ Bc6 11. c4 Qf5 12. Bd6 Bxb5 13. cxb5 Nbd7 14. c4
Rc8 15. Re1 Ne4 16. dxc5 Nxd6 17. c6 Ke7 18. cxd7 Rxc4 19. Ne5 Rc5 20. d8=Q+
Rxd8 21. Nc6+ Rxc6 22. bxc6 Ne4 23. Qe2 Nc5 24. Rad1 Rc8 25. Qd2 g5 26. Qd6+
Kf6 27. Re3 Kg6 28. Rf3 Qc2 29. Qd4 29... Ne4 $139 1-0

[Event "XII Festival Magistrale"]
[Site "Celle Ligure ITA"]
[Date "1997.03.??"]
[Round "1"]
[White "Skembris, Spyridon"]
[Black "Egartner, Wolfgang"]
[WhiteElo "2450"]
[BlackElo "2185"]
[Result "1-0"]
[PlyCount "87"]
[EventDate "1997.03.22"]

1. d4 Nf6 2. c4 e6 3. Nf3 b6 4. g3 Bb7 5. Bg2 Be7 6. O-O O-O 7. Nc3 Ne4 8. Bd2
f5 9. d5 exd5 10. cxd5 Bf6 11. Rc1 c5 12. dxc6 dxc6 13. Qb3+ Kh8 14. Rfd1 Qe7
15. Bf4 Nxc3 16. bxc3 Re8 17. Bd6 Qe6 18. Be5 Na6 19. Qxe6 Rxe6 20. Bxf6 Rxf6
21. Ne5 Kg8 22. f4 Nc5 23. Nd7 Re6 24. Nxc5 bxc5 25. Kf2 Rae8 26. Rc2 Ba6 27.
c4 R8e7 28. Bf3 g6 29. Rd3 Rb7 30. Ra3 Rb6 31. Ra5 Kg7 32. Rxc5 Bb7 33. Rd2 Kf6
34. Ra5 a6 35. c5 Rb4 36. Ra3 Rb5 37. Rb3 Ke7 38. Rxb5 axb5 39. Rd3 Bc8 40. Re3
Rxe3 41. Kxe3 b4 42. Bxc6 Be6 43. Kd4 Bxa2 44. Bb5 1-0

[Event "XII Festival Magistrale"]
[Site "Celle Ligure ITA"]
[Date "1997.03.??"]
[Round "1"]
[White "Vismara, Daniele"]
[Black "Lovati, Paolo"]
[WhiteElo "2205"]
[BlackElo "1981"]
[Result "1-0"]
[PlyCount "115"]
[EventDate "1997.03.22"]

1. e4 d6 2. d4 Nf6 3. Nc3 g6 4. Nf3 Bg7 5. Be2 Bg4 6. O-O c6 7. h3 Bxf3 8. Bxf3
e5 9. Be3 O-O 10. Qd2 Qc7 11. Rad1 Nbd7 12. dxe5 dxe5 13. Qd6 Qxd6 14. Rxd6 Nb6
15. Be2 Rfd8 16. Rfd1 Rxd6 17. Rxd6 Kf8 18. a4 Nbd7 19. g4 h6 20. h4 Ke8 21. g5
hxg5 22. hxg5 Nh7 23. Bg4 Rd8 24. Bxa7 Bf8 25. Rd1 Nxg5 26. Kg2 Nc5 27. Rxd8+
Kxd8 28. Bb6+ Ke8 29. Bc8 Nge6 30. a5 Nd8 31. Bxc5 Bxc5 32. Na4 Bb4 33. Bxb7
Bxa5 34. Bc8 Ke7 35. c3 f6 36. b4 Bc7 37. c4 Nf7 38. c5 Ng5 39. f3 Kd8 40. Bg4
Ke7 41. Nb2 Nf7 42. Nc4 Nh6 43. Bc8 Nf7 44. Kf2 Kd8 45. Be6 Ng5 46. Bg4 Nf7 47.
Ke2 Ke7 48. Kd3 Nh6 49. Ne3 Nf7 50. Kc4 Nd8 51. b5 cxb5+ 52. Kxb5 Bb8 53. Nd5+
Kf7 54. Kb6 Ne6 55. Bxe6+ Kxe6 56. Kb7 Bd6 57. cxd6 Kxd6 58. Nxf6 1-0

[Event "XII Festival Magistrale"]
[Site "Celle Ligure ITA"]
[Date "1997.03.??"]
[Round "1"]
[White "Zsifkovits, Robert"]
[Black "Sulava, Nenad"]
[WhiteElo "2170"]
[BlackElo "2380"]
[Result "0-1"]
[PlyCount "76"]
[EventDate "1997.03.22"]

1. d4 e6 2. e4 d5 3. Nc3 Nf6 4. exd5 exd5 5. Bd3 Nc6 6. Nge2 Nb4 7. O-O Be7 8.
Bb5+ Bd7 9. a3 Bxb5 10. Nxb5 Na6 11. Qd3 O-O 12. Ng3 g6 13. Bg5 c6 14. Nc3 Nc7
15. Rae1 Ne6 16. Bc1 Re8 17. Nce2 Bd6 18. c3 h5 19. f4 h4 20. Nh1 Qc7 21. Qh3
Nxf4 22. Nxf4 Rxe1 23. Rxe1 Bxf4 24. Qxh4 Bxc1 25. Rxc1 Kg7 26. Qg3 Qxg3 27.
Nxg3 Re8 28. Kf1 Ng4 29. h3 Ne3+ 30. Kf2 Nc4 31. Rc2 Re6 32. Nf1 Rf6+ 33. Ke2
Rxf1 34. b3 Rg1 35. bxc4 Rxg2+ 36. Kd1 Rxc2 37. Kxc2 dxc4 38. a4 a5 0-1

[Event "XII Festival Magistrale"]
[Site "Celle Ligure ITA"]
[Date "1997.03.??"]
[Round "2"]
[White "Astengo, Marcello"]
[Black "Quagliarella, Sabino Remo"]
[WhiteElo "2065"]
[BlackElo "1934"]
[Result "1-0"]
[PlyCount "80"]
[EventDate "1997.03.22"]

1. d4 Nf6 2. c4 g6 3. d5 Bg7 4. Nc3 O-O 5. e4 d6 6. Bd3 e5 7. Bg5 c6 8. Qd2 Qc7
9. Nge2 Na6 10. f3 Ne8 11. g4 Nc5 12. Bc2 a5 13. Ng3 a4 14. h4 f6 15. Be3 Qa5
16. Rb1 Qc7 17. h5 Kf7 18. h6 Bh8 19. Bxc5 dxc5 20. Bxa4 Nd6 21. Bb3 Ke8 22.
Rd1 Ke7 23. Nf1 Rd8 24. Ne3 Kf8 25. Rh2 Nf7 26. Qf2 b6 27. dxc6 Rxd1+ 28. Kxd1
Qxc6 29. Ned5 f5 30. gxf5 gxf5 31. Qh4 Ra7 32. Rg2 Nxh6 33. Qd8+ Qe8 34. Qd6+
Kf7 35. Qxh6 Qf8 36. Qxh7+ Bg7 37. exf5 Qh8 38. Qg6+ Kf8 39. f6 Qh1+ 40. Ke2
Rf7 1-0

[Event "XII Festival Magistrale"]
[Site "Celle Ligure ITA"]
[Date "1997.03.??"]
[Round "2"]
[White "Bonugli, Carlo"]
[Black "Mollero, Michele"]
[WhiteElo "2075"]
[BlackElo "2050"]
[Result "1/2-1/2"]
[PlyCount "32"]
[EventDate "1997.03.22"]

1. e4 c6 2. d4 d5 3. e5 Bf5 4. Nc3 e6 5. g4 Bg6 6. h4 h5 7. g5 Bb4 8. Nge2 Ne7
9. Nf4 Be4 10. Bg2 Bxg2 11. Nxg2 g6 12. a3 Ba5 13. b4 Bc7 14. Ne3 a5 15. Rb1
axb4 16. axb4 b5 1/2-1/2

[Event "XII Festival Magistrale"]
[Site "Celle Ligure ITA"]
[Date "1997.03.??"]
[Round "2"]
[White "Cirabisi, Federico"]
[Black "Egartner, Wolfgang"]
[WhiteElo "2125"]
[BlackElo "2185"]
[Result "1-0"]
[PlyCount "127"]
[EventDate "1997.03.22"]

1. d4 Nf6 2. e3 d5 3. Bd3 c5 4. c3 Qc7 5. Nd2 g6 6. f4 Bg7 7. Ngf3 b6 8. O-O
O-O 9. Ne5 Ba6 10. Bxa6 Nxa6 11. Rf3 b5 12. Rh3 b4 13. g4 bxc3 14. bxc3 cxd4
15. exd4 Nd7 16. Qe2 Nxe5 17. fxe5 Qc8 18. Ba3 Re8 19. Rf1 Qe6 20. Qg2 f6 21.
Nf3 Qc6 22. Qf2 Qa4 23. Bc1 g5 24. Nh4 gxh4 25. Qxh4 Qc2 26. g5 fxg5 27. Bxg5
Rf8 28. Rc1 Qe4 29. Qxe4 dxe4 30. Bxe7 Rf4 31. Rg3 Kf7 32. Bd6 Rf3 33. Rxf3+
exf3 34. Rf1 Ke6 35. Rxf3 Rc8 36. Kf1 Bh6 37. Rf6+ Kd5 38. Rxh6 Rxc3 39. Rxh7
Kxd4 40. Rxa7 Rc1+ 41. Kg2 Rc2+ 42. Kg3 Rxa2 43. h4 Kd5 44. h5 Ra1 45. h6 Rh1
46. Rxa6 Rxh6 47. Kg4 Rh1 48. Ra3 Rg1+ 49. Kf4 Ke6 50. Rh3 Rf1+ 51. Ke4 Re1+
52. Kd4 Rd1+ 53. Kc5 Rc1+ 54. Kb6 Rc2 55. Rh7 Rc1 56. Re7+ Kd5 57. Re8 Rc6+ 58.
Kb7 Rc1 59. Bc7 Rb1+ 60. Kc8 Kc6 61. Re6+ Kc5 62. Rd6 Rh1 63. e6 Rh8+ 64. Kd7
1-0

[Event "XII Festival Magistrale"]
[Site "Celle Ligure ITA"]
[Date "1997.03.??"]
[Round "2"]
[White "Duarte, Riccardo"]
[Black "Zoldan, Matteo"]
[WhiteElo "2010"]
[BlackElo "2155"]
[Result "1-0"]
[PlyCount "105"]
[EventDate "1997.03.22"]

1. e4 d6 2. d4 Nf6 3. Nc3 g6 4. f4 Bg7 5. Bd3 O-O 6. Nf3 Na6 7. O-O c5 8. e5
Nd7 9. Ne4 dxe5 10. dxe5 Nc7 11. c3 b5 12. Ng3 Bb7 13. Qe2 Rb8 14. f5 Bxf3 15.
Rxf3 Nxe5 16. Re3 c4 17. Bc2 Qd6 18. Bd2 Nd5 19. Re4 Rbd8 20. Be1 Nc6 21. Rd1
Nf4 22. Qe3 Nd3 23. Bxd3 cxd3 24. Qg5 Ne5 25. Bf2 Bf6 26. Qh6 Bg7 27. Qg5 Bf6
28. Qh6 Bg7 29. Qh3 Nc6 30. Rh4 h5 31. Ne4 Qd5 32. fxg6 fxg6 33. Qg3 Ne5 34. h3
Ng4 35. hxg4 Qxe4 36. gxh5 Qe2 37. Re1 Qxf2+ 38. Qxf2 Rxf2 39. Kxf2 d2 40. Rd1
gxh5 41. Rxh5 b4 42. Rc5 bxc3 43. bxc3 Kf7 44. Ke2 Bh6 45. g4 Kf6 46. c4 Rd4
47. Rh1 Bg5 48. Rf1+ Kg6 49. Rc6+ Kg7 50. Rg1 Bh4 51. g5 Be1 52. Rxe1 Re4+ 53.
Kxd2 1-0

[Event "XII Festival Magistrale"]
[Site "Celle Ligure ITA"]
[Date "1997.03.??"]
[Round "2"]
[White "Hamberger, Hermann"]
[Black "Ljubisavljevic, Zivojin Z."]
[WhiteElo "2205"]
[BlackElo "2275"]
[Result "0-1"]
[PlyCount "76"]
[EventDate "1997.03.22"]

1. e4 Nc6 2. Nf3 d6 3. Bc4 g6 4. d4 Bg7 5. c3 Nf6 6. Qe2 e5 7. dxe5 Nxe5 8.
Nxe5 dxe5 9. O-O O-O 10. Bg5 h6 11. Bh4 Qe7 12. Nd2 Be6 13. f3 Rad8 14. Nb3 b6
15. Rad1 a5 16. Bxe6 Qxe6 17. Rxd8 Rxd8 18. Rd1 Ra8 19. Nc1 Bf8 20. Bf2 Nh5 21.
Be3 Nf4 22. Qb5 Qf6 23. Qd7 Ne6 24. Qc6 Rd8 25. Rd7 Rxd7 26. Qxd7 Bc5 27. Bxc5
Nxc5 28. Qd2 Kg7 29. Ne2 Qc6 30. b3 Ne6 31. Qd3 Qc5+ 32. Kh1 Qf2 33. h3 h5 34.
a4 Nc5 35. Qc4 Qe3 36. Kh2 h4 37. Kh1 Nd3 38. Kh2 Qxe2 0-1

[Event "XII Festival Magistrale"]
[Site "Celle Ligure ITA"]
[Date "1997.03.??"]
[Round "2"]
[White "Jovanic, Ognjen"]
[Black "Mordiglia, Riccardo"]
[WhiteElo "2260"]
[BlackElo "2105"]
[Result "0-1"]
[PlyCount "84"]
[EventDate "1997.03.22"]

1. e4 d5 2. exd5 Qxd5 3. Nc3 Qa5 4. d4 Nf6 5. Nf3 Bf5 6. Bd2 c6 7. Bc4 e6 8.
O-O Qc7 9. h3 Nbd7 10. Nh4 Bg6 11. Nxg6 hxg6 12. Qe2 O-O-O 13. Be3 Nb6 14. Bd3
Kb8 15. a3 Nbd5 16. Nxd5 Nxd5 17. b4 Nf4 18. Qd2 g5 19. f3 Bd6 20. Rad1 Nxd3
21. Qxd3 Bh2+ 22. Kh1 Bf4 23. c3 Rh4 24. Bxf4 Qxf4 25. Qe2 f6 26. Qxe6 Rdh8 27.
Kg1 Rxh3 28. gxh3 Qg3+ 29. Kh1 Rxh3+ 30. Qxh3 Qxh3+ 31. Kg1 Qg3+ 32. Kh1 g4 33.
Rd3 f5 34. c4 Kc7 35. a4 Kd6 36. d5 cxd5 37. Rxd5+ Ke6 38. f4 Qh3+ 39. Kg1 Qg3+
40. Kh1 Kf6 41. Rb5 Qh3+ 42. Kg1 g3 0-1

[Event "XII Festival Magistrale"]
[Site "Celle Ligure ITA"]
[Date "1997.03.??"]
[Round "2"]
[White "Lovati, Paolo"]
[Black "Zsifkovits, Robert"]
[WhiteElo "1981"]
[BlackElo "2170"]
[Result "0-1"]
[PlyCount "53"]
[EventDate "1997.03.22"]

1. c4 e6 2. Nf3 d5 3. b3 c6 4. g3 Bd6 5. Bb2 Nf6 6. Bg2 O-O 7. O-O Qe7 8. d3 e5
9. Qc2 Na6 10. a3 Nh5 11. Nc3 d4 12. Ne4 Bb8 13. e3 f5 14. Ned2 dxe3 15. fxe3
f4 16. exf4 exf4 17. Rae1 Qc5+ 18. Kh1 fxg3 19. Ne4 Qa5 20. c5 Be6 21. b4 Qd8
22. b5 cxb5 23. Nfg5 Rxf1+ 24. Rxf1 Bd5 25. Qe2 Nf4 26. Rxf4 Bxf4 27. Qh5 $138
0-1

[Event "XII Festival Magistrale"]
[Site "Celle Ligure ITA"]
[Date "1997.03.??"]
[Round "2"]
[White "Rosin, Federico"]
[Black "Fuggetta, Leonardo"]
[WhiteElo "1884"]
[BlackElo "2070"]
[Result "1-0"]
[PlyCount "121"]
[EventDate "1997.03.22"]

1. d4 g6 2. c4 Bg7 3. Nc3 d6 4. e4 Nc6 5. Be3 e5 6. d5 Nce7 7. Bd3 f5 8. f3 Nf6
9. Nge2 f4 10. Bf2 g5 11. h3 Ng6 12. Qb3 Nh4 13. Rg1 O-O 14. O-O-O Kh8 15. c5
Rf7 16. cxd6 cxd6 17. Kb1 Bf8 18. Rc1 b6 19. Bb5 Rb8 20. Bc6 a6 21. Rc2 Nd7 22.
Bxd7 Rxd7 23. Nc1 b5 24. Nd3 a5 25. Nxb5 Ba6 26. a4 Rdb7 27. Bxh4 gxh4 28. Rgc1
Bxb5 29. axb5 Rxb5 30. Qc4 Be7 31. Qxb5 Rxb5 32. Rc8 Qxc8 33. Rxc8+ Kg7 34. Rc7
Kf8 35. Kc2 Ke8 36. b3 h6 37. Nb2 Bd8 38. Ra7 Rc5+ 39. Nc4 Bc7 40. Kd3 Kd8 41.
Ra8+ Kd7 42. Rh8 Bd8 43. Rxh6 Be7 44. Rh8 Rb5 45. Kc3 Rc5 46. Rg8 Bd8 47. Kd3
Be7 48. Rb8 Bd8 49. Ra8 Rb5 50. Kc3 Rc5 51. Ra6 Bc7 52. Kb2 Rb5 53. Ra8 Rc5 54.
Ka2 Bd8 55. Ka3 Bc7 56. Ka4 Bd8 57. Ra7+ Bc7 58. Ra6 Ke7 59. Rc6 Kd7 60. Rxc5
dxc5 61. Nxa5 1-0

[Event "XII Festival Magistrale"]
[Site "Celle Ligure ITA"]
[Date "1997.03.??"]
[Round "2"]
[White "Sulava, Nenad"]
[Black "Tortarolo, Massimiliano"]
[WhiteElo "2380"]
[BlackElo "2260"]
[Result "1-0"]
[PlyCount "73"]
[EventDate "1997.03.22"]

1. Nf3 Nf6 2. g3 g6 3. b3 Bg7 4. Bb2 O-O 5. Bg2 d5 6. c4 c6 7. d4 Bf5 8. Nbd2
Re8 9. O-O Ne4 10. Nh4 Nxd2 11. Qxd2 Be6 12. Rac1 a5 13. c5 b6 14. Nf3 bxc5 15.
Rxc5 Qb6 16. Rfc1 a4 17. b4 a3 18. Ba1 Ra4 19. Bc3 Na6 20. Ra5 Rxa5 21. bxa5
Qb7 22. e3 Rc8 23. Bf1 Bf8 24. Qd1 f6 25. Rb1 Qa8 26. Qa4 Nc7 27. Rb6 Bg4 28.
Nd2 Nb5 29. Bb4 Rb8 30. Rxb8 Qxb8 31. a6 Bc8 32. Bc5 Qa8 33. a7 Bd7 34. Qa6 e6
35. Bxf8 Kxf8 36. Bxb5 cxb5 37. Qd6+ 1-0